| 000 | 00909nam a2200241 i 4500 | ||
|---|---|---|---|
| 001 | 169175 | ||
| 003 | ES-MaACL | ||
| 005 | 20250812074049.0 | ||
| 008 | 080821s1957 sp f |||| | spa d | ||
| 080 | _a355 | ||
| 100 | 1 |
_aZavala, Juan de. _9118106 |
|
| 245 | 1 | 3 |
_aLa ciencia militar / _cJuan de Zavala. |
| 260 |
_aMadrid : _bAteneo, _c1957. |
||
| 300 |
_a40 p. : _b1 lám. ; _c19 cm. |
||
| 490 | 1 |
_aColección "O crece o muere" ; _v112 |
|
| 500 | _aEl original fue dado a conocer por su autor en la Universidad Internacional Menéndez Pelayo, de Santander, en el "Curso de Problemas militares", el día 3 de agosto de 1956. | ||
| 650 | 7 |
_aArte y ciencia militar _2embne _9135619 |
|
| 710 | 2 |
_aAteneo de Madrid. _91875 |
|
| 710 | 2 |
_aUniversidad Internacional Menéndez Pelayo. _97384 |
|
| 830 | 0 | 0 |
_aColección "O crece o muere" _v112 _9183476 |
| 852 |
_aES-MaACL _j2242-F-10 |
||
| 999 |
_c169175 _d169175 |
||